Quizzes
Events
Quiz Creation
Community
Videos
Private Events
Remove Ads
Sign In
Join for FREE
Feedback
Dark Mode
Quiz Categories
Sports
Geography
Music
Movies
Television
Just For Fun
Miscellaneous
History
Literature
Language
Science
Gaming
Entertainment
Religion
Holiday
For Kids
Quiz Lab
Recent
Popular Today
Quiz Kudos Today
Editor Picks
Curator Picks
Quizzes by...
Day
Popularity
Type
Ratings
Length
Year
Community
Subscriptions
Recent Discussions
Orange Saloon
Badges
Playlists
Quests
Create
Leaderboards
Showdown
Live 5
Trivia Bingo
Activity
Puzzle Library
Sporcle Events
Private Events
Virtual Trivia
Globe League
Become a Host
Pub Owners
SporcleCon
Opinionation
Our Games
Videos
Blog
Mobile Apps
Partnerships
Remove Ads and Go Orange
Feedback
Sports
Athletes
MLB
NBA
NHL
NFL
Soccer
Sports Teams
WWE
NCAA
Football
Premier League
Basketball
Baseball
Hockey
Golf
Tennis
Cricket
Rugby
Auto Racing
Olympics
World Cup
Sports
Athletes
MLB
NBA
NHL
NFL
Soccer
Sports Teams
WWE
NCAA
Football
Premier League
Basketball
Baseball
Hockey
Golf
Tennis
Cricket
Rugby
Auto Racing
Olympics
World Cup
Random Quiz
Search Sporcle
×
Quiz Lab
Quiz Lab
Sports
Premier League
Type in answers that appear in a list
Type in answers that appear in a list
Classic
Best Score? Go Orange.
Sheffield United 2020/21 Premier League squad Stats
Can you name the Sheffield United squad for the 2020/21 Premier League season?
By
mauhfw
10m
28 Questions
860 Plays
860 Plays
860 Plays
Comments
Comments
Give Quiz Kudos
Give Quiz Kudos
-
- Ratings
hide this ad
Replay
Link that replays current quiz
Next Quiz
Link to next quiz in quiz playlist
You Got
0%
They Got
Avg Score
72%
Avg Friend Score
Upgrade to see
Score Distribution
Jump to the score distribution portion of the page
Score
0/28
Timer
10:00
0
Plays Today
Squad Number
Player
% Correct
10
Billy Sharp
95.6%
9
Oliver McBurnie
95.2%
1
Aaron Ramsdale
95.2%
4
John Fleck
94.9%
12
John Egan
94.5%
3
Enda Stevens
93.7%
2
George Baldock
93.5%
6
Chris Basham
92.6%
8
Sander Berge
90.7%
16
Oliver Norwood
90.7%
11
Lys Mousset
90%
5
Jack O'Connell
88.9%
17
David McGoldrick
85.7%
7
John Lundstram
83.1%
Squad Number
Player
% Correct
24
Rhian Brewster
77.2%
14
Oliver Burke
73.7%
20
Jayden Bogle
73.4%
13
Max Lowe
70.3%
18
Wes Foderingham
68.9%
23
Ben Osborn
68.7%
19
Jack Robinson
64.8%
22
Ethan Ampadu
61.2%
15
Phil Jagielka
57.9%
34
Iliman Ndiaye
54.4%
29
Kean Bryan
44.1%
32
Antwoine Hackford
36.2%
33
Kyran Gordon
25.1%
31
Zak Brunt
23.7%
Quiz Playlist
Details
Report
Send in Message
Add To Playlist
Classic:
Type in answers that appear in a list
Last Updated: Feb 3, 2021
Quiz Scoreboard
CHALLENGE
Sign Up to Join the Scoreboard
Show All
Scores
Hide
Comments
May contain spoilers
Recently Published
One Thing in Common: World Cities II
by knightlancer
Geography
7m
Popular People in 1961
by mucciniale
History
6m
1-10 Letter E Words III
by El_Dandy
Language
2m
More to Explore
Quiz From the Vault
Featured Blog Post
Where Did the Easter Bunny Come From?
hide this ad
You Might Also Like...
Tags
Premier League Quiz
2019
League
Nationality
Player
Premier
season
sheffield
Sheffield United
Squad
United
Today's Top Quizzes in Sports
Browse Sports
hide this ad
Today's Top Quizzes in Premier League
Browse Premier League
Top Contributed Quizzes in Sports
1
Les meilleurs buteurs des matchs entre le PSG et l’OM
2
Les entraîneurs de l'OM et du PSG au 21e siècle
3
2022 World Cup Stars
4
FIFA Club World Cup Champions
5
Name the Premier League winners with different clubs
6
La finale Lions - Afrique du Sud 2021
7
Criteria MLB: Left Handed Sluggers
8
Players with Multiple 50 Home Run Seasons
9
MLB Players with Two .350 Batting Average Seasons
10
MLB Hall of Famer by Rings
Explore More
Trending Topics
Anime
Disney
Harry Potter
NBA
Kpop
Crossword
Marvel
Country
WWE
Puzzle
Pokémon
The Office
NFL
Song
Soccer
hide this ad
More By:
mauhfw
Quiz
Plays
Rating
Category
Featured
Created
Manchester United 2021/22 Premier League squad
2,027
3.67
Sports
Sep 15, 2019
Manchester City 2021/22 Premier League squad
1,551
5.00
Sports
Sep 14, 2019
Liverpool 2021/22 Premier League squad
1,521
4.50
Sports
Sep 14, 2019
Chelsea 2021/22 Premier League squad
1,406
4.00
Sports
Sep 8, 2019
Arsenal 2021/22 Premier League squad
1,390
4.50
Sports
Sep 8, 2019
Go to Creator's Profile
Score Distribution
Quiz Creator Spotlight
mauhfw
Follow
Send a Message
Quizzes Created
-
Created Quiz Play Count
-
More By This Creator
Popular Quizzes Today
1
Find the US States - No Outlines Minefield
2
The Countries of the World
3
Popular People in 1961
4
Find the Countries of Europe - No Outlines Minefield
5
1-10 Letter E Words III
6
Find the US States
7
One Thing in Common: World Cities II
8
US States
More Sports Quizzes
NHL Coach of the Year
Published
Trending Quizzes
1-10 Letter F Words
1-10 Letter G Words
Risky Map Clicking: Next State Alphabetically
1-10 Letter F Words II
Risky Map Clicking: States by Unique Starting Letters
Recently Updated
Leaping Animals
pecheneg
Reality TV Shows (A-Z)
bhenderson79
Rickey Henderson's Hall of Fame Teammates
pecheneg
Champions League XIs: Arsenal
pecheneg
Quick Pick: Celebrities in WWE's Hall of Fame
aduchscher
A-Z Keypad Blitz II
pecheneg
Multiple Oscar Actors
pecheneg
Mystery Phrase Blitz: Oscar 'Best Actors'
pecheneg
F. Scott Fitzgerald Novels
LTH
Pick 3 Villains
ddd62291
Trending Topics
Disney
Anime
NBA
Crossword
Marvel
Harry Potter
Kpop
Song
Pokémon
Puzzle
Soccer
Country
NFL
The Office
WWE
Your Account Isn't Verified!
In order to create a playlist on Sporcle, you need to verify the email address you used during registration. Go to your
Sporcle Settings
to finish the process.
Report this User
Report this user for behavior that violates our
Community Guidelines
.
Details:
Send Report
Go to the Sporcle.com Mobile Site →
Comments